Effect of adding some nutrions on yield of straw mushroom at royal university of agriculture (ឥទ្ធិពលនៃការបន្ថែមសារធាតុចិញ្ចឹមមួយចំនួននៅលើទិន្នផល ផ្សិតចំបើងនៅសាកលវិទ្យាល័យភូមិន្ធកសិកម្ម). (Record no. 751)
[ view plain ]
| 000 -LEADER | |
|---|---|
| fixed length control field | 00729nam a22001577a 4500 |
| 003 - CONTROL NUMBER IDENTIFIER | |
| control field | OSt |
| 005 - DATE AND TIME OF LATEST TRANSACTION | |
| control field | 20150918154644.0 |
| 008 - FIXED-LENGTH DATA ELEMENTS--GENERAL INFORMATION | |
| fixed length control field | 150918b xxu||||| |||| 00| 0 eng d |
| 040 ## - CATALOGING SOURCE | |
| Transcribing agency | RUA |
| 082 ## - DEWEY DECIMAL CLASSIFICATION NUMBER | |
| Classification number | AGR CHO 2006 BO33 Or.1 |
| 100 ## - MAIN ENTRY--PERSONAL NAME | |
| 9 (RLIN) | 783 |
| Personal name | CHON, LEAKHENA |
| 245 ## - TITLE STATEMENT | |
| Title | Effect of adding some nutrions on yield of straw mushroom at royal university of agriculture (ឥទ្ធិពលនៃការបន្ថែមសារធាតុចិញ្ចឹមមួយចំនួននៅលើទិន្នផល ផ្សិតចំបើងនៅសាកលវិទ្យាល័យភូមិន្ធកសិកម្ម). |
| 260 ## - PUBLICATION, DISTRIBUTION, ETC. (IMPRINT) | |
| Place of publication, distribution, etc. | phnom phen |
| Name of publisher, distributor, etc. | RUA |
| Date of publication, distribution, etc. | 2006 |
| 300 ## - PHYSICAL DESCRIPTION | |
| Extent | XI,43Pp. |
| Other physical details | ill. |
| Dimensions | 29cm. |
| 942 ## - ADDED ENTRY ELEMENTS (KOHA) | |
| Source of classification or shelving scheme | |
| Koha item type | AGR |
| Price effective from | Date last seen | Permanent Location | Not for loan | Date acquired | Source of classification or shelving scheme | Koha item type | Lost status | Withdrawn status | Total Renewals | Date last checked out | Total Checkouts | Shelving location | Damaged status | Barcode | Current Location | Full call number |
|---|---|---|---|---|---|---|---|---|---|---|---|---|---|---|---|---|
| 2015-09-18 | 2020-03-09 | Library Block B | 2015-09-18 | AGR | 2 | 2020-02-12 | 5 | B033 | RUA002554 | Library Block B | AGR CHO 2006 BO33 Or.1 | |||||
| 2015-09-18 | 2015-09-18 | Library Block B | 2015-09-18 | AGR | B033 | RUA002772 | Library Block B | AGR CHO 2006 BO33 Or.2 | ||||||||
| 2015-09-18 | 2019-08-20 | Library Block B | 2015-09-18 | AGR | 2 | 2019-07-19 | 11 | B033 | RUA002030 | Library Block B | AGR CHO 2006 BO33 Or.4 | |||||
| 2015-09-18 | 2026-05-29 | Library Block B | 2015-09-18 | AGR | 1 | 2026-05-08 | 16 | B033 | RUA002698 | Library Block B | AGR CHO 2006 BO33 Or.5 | |||||
| 2018-12-21 | 2025-09-09 | Library Block B | 2018-12-21 | AGR | 2025-08-25 | 2 | B1.194 | A41909 | Library Block B | AGR CHO 2006 B1.194 Or.1 | ||||||
| 2015-09-18 | 2026-05-29 | Library Block B | 2015-09-18 | AGR | 2026-05-08 | 12 | B033 | RUA002102 | Library Block D | AGR CHO 2006 BO33 Or.3 |